Todos os Aliens de Ben 10 - Statistics

Estatísticas Gerais
  • Esse quiz foi jogado 232 vezes
  • A pontuação média é 39 de 62
Estatísticas das Respostas
Aliens % Correto
Diamante
94%
Quatro Braços
94%
Chama
93%
Massa Cinzenta
91%
Bala de Canhão
90%
XLR8
90%
Besta
88%
Fantasmático
87%
Alien X
84%
Gigante
83%
Enormossauro
81%
Ultra T
80%
Aquático
79%
Fogo Fátuo
79%
Eco Eco
78%
Friagem
77%
Insectóide
77%
Cromático
74%
LobisBen
74%
Macaco-Aranha
73%
Cipó Selvagem
72%
Glutão
72%
Benmumia
71%
Gosma
70%
Arraia-à-Jato
67%
Rath
67%
Acelerado
66%
Ameaça Aquática
65%
Feedback
64%
Anfíbio
63%
Armatu
60%
Iguana Ártica
60%
Mega Olhos
60%
Artrópode
59%
Contra-Tempo
59%
NRG
59%
Tartagira
59%
Idem
58%
Atômico
57%
Diabrete
57%
Estrela Polar
55%
Gravattack
54%
O Pior
52%
Bloxx
51%
Chocante
51%
Frankenstrike
51%
Nanomech
46%
Besouro
44%
Bigotóide
44%
Cocorocóide
44%
Cuspidor
44%
Shocksquatch
43%
ChamAlien
42%
Espantoide
41%
Podrão
41%
Escarábola
38%
Vompiro
38%
Walkatruta
38%
Pesky Dust
37%
Astrodáctilo
36%
Bullfrag
36%
Crashhopper
36%
Nenhum quiz correspondente encontrado
Distribuição das Pontuações
Porcentagem de Pessoas com Cada Pontuação
Percentil de Números Respondidos
Sua Pontuação Histórica
Você não jogou esse quiz